| 000 | 00660nam a2200193 a 4500 | ||
|---|---|---|---|
| 003 | DO-SdBNP | ||
| 005 | 20250618134708.0 | ||
| 007 | ta | ||
| 008 | 220920e2012 dr ad||grf|||s001 0 spa d | ||
| 040 |
_aDO-SdBNP _bspa _cBNPHU |
||
| 082 | 4 |
_bM294o _222 |
|
| 110 | 2 |
_aConsejo Nacional de la Empresa Privada (República Dominicana) _985000 |
|
| 245 | 0 | 0 | _aManual de organización y funciones |
| 260 |
_aSanto Domingo : _bCONEP, _c2012 |
||
| 300 |
_a24 p. : _bil., gráf. ; _c22 cm. |
||
| 505 |
_tI. Descripción Institucional.-- _tII. Órganos Estatutarios.-- _tIII. Organigrama.-- _tIV. Descripción de las Áreas Funcionales |
||
| 910 | _aMFeliz | ||
| 942 |
_2ddc _cLF2 |
||
| 999 |
_c52426 _d52426 |
||